|
|
|
|
| LEADER |
02075nam a2200409 a 4500 |
| 001 |
EBC667130 |
| 003 |
MiAaPQ |
| 005 |
20200520144314.0 |
| 006 |
m o d | |
| 007 |
cr cn||||||||| |
| 008 |
100122s2010 dcu sb 001 0 eng d |
| 010 |
|
|
|z 2010001641
|
| 020 |
|
|
|z 9780844743240 (hardbound)
|
| 020 |
|
|
|z 0844743240 (hardbound)
|
| 020 |
|
|
|a 9780844743394 (electronic bk.)
|
| 035 |
|
|
|a (MiAaPQ)EBC667130
|
| 035 |
|
|
|a (Au-PeEL)EBL667130
|
| 035 |
|
|
|a (CaPaEBR)ebr10454807
|
| 035 |
|
|
|a (CaONFJC)MIL302936
|
| 035 |
|
|
|a (OCoLC)707080445
|
| 040 |
|
|
|a MiAaPQ
|c MiAaPQ
|d MiAaPQ
|
| 050 |
|
4 |
|a HG3881
|b .O335 2010
|
| 082 |
0 |
4 |
|a 332.1/5
|2 22
|
| 245 |
0 |
0 |
|a Offshore financial centers and regulatory competition
|h [electronic resource] /
|c Andrew P. Morriss, editor.
|
| 260 |
|
|
|a Washington, D.C. :
|b AEI Press :
|b Distributed by Rowman & Littlefield Pub.,
|c c2010.
|
| 300 |
|
|
|a vi, 199 p.
|
| 504 |
|
|
|a Includes bibliographical references and index.
|
| 505 |
0 |
|
|a Introduction / Andrew P. Morriss -- Offshore finance and onshore markets : racing to the bottom, or moving toward efficient? / Anna Manasco Dionne and Jonathan R. Macey -- The legitimacy of the offshore financial sector : a legal perspective / Rose-Marie Belle Antoine -- Regulating tax competition in offshore financial centers / Craig M. Boise -- The International Monetary Fund and the regulation of offshore centers / Richard K. Gordon -- The role of offshore financial centers in regulatory competition / Andrew P. Morriss.
|
| 533 |
|
|
|a Electronic reproduction. Ann Arbor, MI : ProQuest, 2015. Available via World Wide Web. Access may be limited to ProQuest affiliated libraries.
|
| 610 |
2 |
0 |
|a International Monetary Fund.
|
| 650 |
|
0 |
|a Banks and banking, International.
|
| 650 |
|
0 |
|a Banks and banking, International
|x Law and legislation.
|
| 650 |
|
0 |
|a Investments, Foreign.
|
| 655 |
|
4 |
|a Electronic books.
|
| 700 |
1 |
|
|a Morriss, Andrew P.,
|d 1960-
|
| 710 |
2 |
|
|a ProQuest (Firm)
|
| 856 |
4 |
0 |
|u https://ebookcentral.proquest.com/lib/matrademy/detail.action?docID=667130
|z Click to View
|